00637nam a2200205Ia 4500008004100000050001700041050001600058100002300074245011100097245002300208260003100231260001000262260001000272300001600282300002000298300001100318500005600329521002700385999001900412170504s9999 xx 000 0 und d aQA 76.9.S88  b.Al445 2016 aAlmanzor, Arjay M. aOnline student evaluation system for college instructors of southville international school and colleges / cArjay M. Magallon. aLas Piñas, Philippines : bSISC, c2016. a135 pages : billustrations ; c28 cm. aIncludes bibliographical references and appendices. aInformation Technology c329740d329740